| 000 -LEADER |
| fixed length control field |
02167cam a2200253 i 4500 |
| 005 - DATE AND TIME OF LATEST TRANSACTION |
| control field |
20260214095748.0 |
| 008 - FIXED-LENGTH DATA ELEMENTS--GENERAL INFORMATION |
| fixed length control field |
231109s2024 enka b 001 0 eng |
| 020 ## - INTERNATIONAL STANDARD BOOK NUMBER |
| International Standard Book Number |
9781350183797 |
| Qualifying information |
(hardback) |
| 042 ## - AUTHENTICATION CODE |
| Authentication code |
pcc |
| 050 00 - LIBRARY OF CONGRESS CALL NUMBER |
| Classification number |
NA2543.S6 |
| Item number |
F73 2024 |
| 082 00 - DEWEY DECIMAL CLASSIFICATION NUMBER |
| Classification number |
720.1/03 |
| Edition number |
23/eng/20231206 |
| 100 1# - MAIN ENTRY--PERSONAL NAME |
| Personal name |
Frampton, Kenneth, |
| Relator term |
author. |
| 245 10 - TITLE STATEMENT |
| Title |
Architecture and the public world / |
| Statement of responsibility, etc |
Kenneth Frampton ; edited by Miodrag Mitrašinović. |
| 300 ## - PHYSICAL DESCRIPTION |
| Extent |
xxi, 372 pages : |
| Other physical details |
illustrations ; |
| Dimensions |
24 cm. |
| 490 0# - SERIES STATEMENT |
| Series statement |
Radical thinkers in design |
| 504 ## - BIBLIOGRAPHY, ETC. NOTE |
| Bibliography, etc |
Includes bibliographical references and index. |
| 505 2# - FORMATTED CONTENTS NOTE |
| Formatted contents note |
The human condition and the critical present -- Urban landscape and the eclipse of the public realm -- Cross-cultural trajectories, place creation, and the politics of counter form -- The predicament of architecture in the new millenium. |
| 520 ## - SUMMARY, ETC. |
| Summary, etc |
"Architecture and the Public World brings together key writings by Kenneth Frampton, the eminent architectural historian and critic, from the 1980s to the present. Articles are grouped into thematic sections representing abiding concerns of Frampton's criticism: history and critical theory; modes of criticism; the vicissitudes of urban form, and tactility, tectonics, and resistance. The volume also includes a new interview with Frampton and an essay by Clive Dilnot exploring the relevance of Frampton's thought for design history and criticism. The anthology represents Frampton's abiding concern for labor and the political dimensions of architecture, including his development of the concept of 'critical regionalism', but, in featuring writings from across the range and breadth of Frampton's career, enables a broader understanding of his work, demonstrating the potential for architectural interpretation and analysis to function as a mode of cultural criticism"-- |
| 650 #0 - SUBJECT ADDED ENTRY--TOPICAL TERM |
| Topical term or geographic name as entry element |
Architecture and society. |
| 700 1# - ADDED ENTRY--PERSONAL NAME |
| Personal name |
Mitrašinović, Miodrag, |
| Dates associated with a name |
1965- |
| Relator term |
editor. |
| 700 1# - ADDED ENTRY--PERSONAL NAME |
| Personal name |
Dilnot, Clive, |
| Relator term |
writer of afterword. |
| 776 08 - ADDITIONAL PHYSICAL FORM ENTRY |
| Display text |
Online version: |
| Main entry heading |
Frampton, Kenneth. |
| Title |
Architecture and the public world |
| Place, publisher, and date of publication |
London : Bloomsbury Visual Arts, 2024 |
| International Standard Book Number |
9781350183803 |
| Record control number |
(DLC) 2023029743 |
| 942 ## - ADDED ENTRY ELEMENTS (KOHA) |
| Source of classification or shelving scheme |
|